Cooperation between Municipalities and the Private Sector in the Field of Tourism

Analýza vybraného modelu verejno-súkromného partnerstva (PPP) v oblasti cestovného ruchu na miestnej úrovni v podmienkach Slovenskej republiky. Obce vstupujú do PPP projektov s podnikmi cestovného ruchu s cieľom vytvoriť regionálne organizácie cestovného ruchu. Štatisticky významná závislosť vybraný...

Descrizione completa

Salvato in:
Dettagli Bibliografici
Autore principale: Beresecká, Janka
Altri autori: Papcunová, Viera
Natura: Capitolo di libro
Lingua:inglese
Soggetti:
Tags: Aggiungi Tag
Nessun Tag, puoi essere il primo ad aggiungerne!!

MARC

LEADER 00000naa a2200000 4500
001 0270881
005 20210106093946.0
041 0 |a eng 
044 |a CZ 
245 1 0 |a Cooperation between Municipalities and the Private Sector in the Field of Tourism  |c Janka Beresecká, Viera Papcunová 
520 |a Analýza vybraného modelu verejno-súkromného partnerstva (PPP) v oblasti cestovného ruchu na miestnej úrovni v podmienkach Slovenskej republiky. Obce vstupujú do PPP projektov s podnikmi cestovného ruchu s cieľom vytvoriť regionálne organizácie cestovného ruchu. Štatisticky významná závislosť vybraných ekonomických výhod vyplývajúcich z modelu PPP. 
610 2 0 |a sektor súkromný 
610 2 0 |a samospráva miestna 
610 2 0 |a ruch cestovný 
610 2 0 |a partnerstvo verejno-súkromné 
610 2 0 |a sektor verejný 
100 1 |a Beresecká, Janka 
700 1 |a Papcunová, Viera